TPOT 4 quiz :D - Statistics

General Stats
  • This quiz has been taken 79 times
  • The average score is 8 of 39
Answer Stats
Hint Answer % Correct
What game were Book and Pillow playing? Yoyle Chess
82%
What was the name of this episode? Gardening Zero
78%
What did Two scream when he found Nickel? I'm rich!
56%
What biome did Are You Ok have to go? Davidland
54%
What Biome did Just Not have to go? The Desert
50%
What biome did Teardrop have to go? The Real World
50%
What biome did The S! have to go? Space
48%
What biome did Death PACT Again have to go? The Jungle
44%
Which two were eliminated this episode? Cloudy/Saw
40%
What biome did Team8s have to go? Yoyleland
38%
What biome did TSTOE have to go? Snowy Tundra
34%
Who did Snowball light on fire to heat the plant up? (Kinda ironic) Grassy
28%
What did said character did they transform into when Lightning zapped the plant? Lightning Cherry
20%
What RC did Death PACT again meet in the jungle? Cherry Jr The Orphan
18%
Who did Puffball grab when she stole the bracelette? Ice Cube
18%
Where was Cake At Stake held? The S! Stage
18%
Who snipped the funny plant to save Ice Cube (Also kinda ironic) Tree
18%
What did the Davids scream after hearing that? AW SERIOUSLY
14%
What RC did RF recommend when they lost Bell? (Hint: Lemon Demon Song) Touch Tone Telephone
14%
What was Snowball accused of doing? Cheating
12%
What was the prize for being safe? Buritto
10%
Where were they playing said game? On top of a roller coaster
8%
What caused said water to become cursed? Yellow Face skeleton
8%
What did Eraser say which provoked the Davids? Davids smell like boogers
6%
What happened in Space that almost made The S! lose? Gamma ray
6%
How did that happen? Gamma Ray
6%
What happened to the water that Just Not used to water the plant, which caused it to die instead? It was cursed
6%
What happened to the remaining plants? They died
6%
What was different about Cake At Stake? New jingle
4%
What was the challenge for this episode? Protect a plant
4%
How did Just Not try to win? Finding water
2%
What happened to Marker as he was grabing scissors? He caught on fire
2%
What happened when Teardrop went to the real world? She had a family reunion
2%
Why were the Davids in Davidland bigger than the David in BFB? They were average-sized while BFB David was shorter than average
2%
What did Death PACT again do to try to stop her (This plan failed) Build a fotress
0%
What did TSTOE do to warm the plant up? Have Bell make noise
0%
What happened while Grassy was burning? His bracelette burned too
0%
What did she do with said character? Jammed her into the ground
0%
What happened when Lightning told Puffball, about the bracelet? Puffball tried to steal it
0%
No matching quizzes found
Score Distribution
Percent of People with Each Score
Percentile by Number Answered
Your Score History
You have not taken this quiz